000 00350nam a2200133Ia 4500
008 231129s9999||||xx |||||||||||||| ||spa||
020 _a958-07-0099-0
040 _bspa
082 _a(i) 843 P227a
100 _aParé Roger
245 0 _aEl amor
264 _aMedellí­n Colombia : Edilux
942 _2ddc
_cBKS
999 _c10168
_d10168